书目信息 |
| 题名: |
中国自然地理
|
|
| 作者: | ;中国科学院中国自然地理编辑委员会 编 | |
| 分册: | ||
| 出版信息: | 北京 科学出版社 1981 |
|
| 页数: | 185页 | |
| 开本: | 26cm | |
| 丛书名: | ||
| 单 册: | ||
| 中图分类: | P93 | |
| 科图分类: | ||
| 主题词: | 地下水资源--中国 , 自然地理学 , 自然地理--中国 , 部门 | |
| 电子资源: | ||
| ISBN: | ||
| 000 | 00855nam0 2200277 45 | |
| 001 | 0181010849 | |
| 005 | 20060820145221.48 | |
| 010 | @dCNY3.70 | |
| 091 | @a13031.1504 | |
| 100 | @a19960215d1981 em y0chiy0121 ea | |
| 101 | 0 | @achi |
| 102 | @aCN@b110000 | |
| 105 | @af z 000yy | |
| 200 | 10 | @a中国自然地理@Azhong guo zi ran di li@e地表水@EDi Biao Shui@f中国科学院《中国自然地理》编辑委员会编 |
| 210 | @a北京@c科学出版社@d1981 | |
| 215 | @a185页@d26cm | |
| 517 | @a地表水@ADi Biao Shui | |
| 517 | 1 | @a地下水@Adi xia shui |
| 606 | @a地下水资源@y中国 | |
| 606 | 0 | @a自然地理学 |
| 606 | @a自然地理@y中国 | |
| 606 | 0 | @a部门 |
| 690 | @aP93@v3 | |
| 711 | 02 | @a中国科学院中国自然地理编辑委员会@Azhong guo ke xue yuan zhong guo zi ran di li bian ji wei yuan hui@4编 |
| 801 | 0 | @aCN@bNLC@c20060820 |
| 905 | @f3@b42039-041@dP93@e3@f6@b42032-037 | |
| 中国自然地理:地表水/中国科学院《中国自然地理》编辑委员会编.-北京:科学出版社,1981 |
| 185页;26cm |
| ISBN :CNY3.70 |
| ● |
| 相关链接 |
|
|
|
|
正题名:中国自然地理
索取号:P93/3
 
预约/预借
| 序号 | 登录号 | 条形码 | 馆藏地/架位号 | 状态 | 备注 |
| 1 | 0042032 | 000076303 | 第三借阅区/ [索取号:P93/3] | 在馆 | |
| 2 | 0042033 | 000076296 | 第三借阅区/ [索取号:P93/3] | 在馆 | |
| 3 | 0042034 | 000624970 | 第三借阅区/ [索取号:P93/3] | 在馆 | |
| 4 | 0042035 | 000624523 | 第三借阅区/ [索取号:P93/3] | 在馆 | |
| 5 | 0042036 | 000624505 | 第三借阅区/ [索取号:P93/3] | 在馆 | |
| 6 | 0042037 | 000076287 | 第三借阅区/ [索取号:P93/3] | 在馆 | |
| 7 | 0042038 | 202122531 | 第二样本阅览室/ [索取号:P93/3] | 在馆 | |
| 8 | 0042039 | 000076312 | 第三借阅区/ [索取号:P93/3] | 在馆 | |
| 9 | 0042040 | 000624514 | 第三借阅区/ [索取号:P93/3] | 在馆 | |
| 10 | 0042041 | 000076321 | 第三借阅区/ [索取号:P93/3] | 在馆 | |
| 11 | 0470373 | 204703730 | 第三借阅区/ [索取号:P93/3] | 在馆 |